000 00514nam a2200181Ia 4500
005 20250326125300.0
008 250326s9999 xx 000 0 und d
037 _aTextbook
040 _aFMSL
_beng
_cFMSL
041 _aeng
_2eng
084 _aX7 L9
_qFMSL
100 _aPeacock A
_9374175
245 0 _aEconomic analysis of government and related themes
_cPeacock A
260 _aNew Delhi
_bNew Delhi, Martin Robertson
_c1979
300 _a245p
942 _cTB
_hX7 L9
999 _c1277333
_d1277333